Jusisprudence: Legal theory (Record no. 18636)

MARC details
000 -LEADER
fixed length control field 00472nam a2200181Ia 4500
008 - FIXED-LENGTH DATA ELEMENTS--GENERAL INFORMATION
fixed length control field 230917s9999||||xx |||||||||||||| ||und||
020 ## - ISBN
Price RS495
040 ## - CATALOGING SOURCE
-- 232975
Original cataloging agency VIVEKANANDA LIBRARY
041 ## - Language
-- English
082 ## - DDC NUMBER
Classification number 340.1 M989J
100 ## - MAIN ENTRY--PERSONAL NAME
Personal name Myneni, S R
245 #0 - TITLE STATEMENT
Title Jusisprudence: Legal theory
250 ## - EDITION STATEMENT
Edition statement 2nd ed.
260 ## - PUBLICATION, DISTRIBUTION, ETC. (IMPRINT)
Place of publication, distribution, etc Hyderabad
Name of publisher, distributor, etc Aaia Law Publishers
Date of publication, distribution, etc 2001
300 ## - PHYSICAL DESCRIPTION
Pages xl, 596 p.
500 ## - GENERAL NOTE
General note 2320 06/05/2016 HBD16/6577 29/06/2016 Main Budget
942 ## - ADDED ENTRY ELEMENTS (KOHA)
Koha item type Books
Holdings
Withdrawn status Lost status Damaged status Not for loan Location (home branch) Sublocation or collection (holding branch) Date acquired Koha issues (times borrowed) Koha full call number Accession No. Koha date last seen Koha item type
        VIVEKANANDA LIBRARY VIVEKANANDA LIBRARY 01/03/2017 11 340.1 M989J 358193 08/09/2025 Books
© Designed and Maintained by Vivekananda Library, MDU Rohtak